[Event "CZE Czechia-ch U12"]
[Site "Harrachov"]
[Date "2009.10.26"]
[Round "3"]
[White "Starychfojtu, Josef"]
[Black "Kolomy, Adam"]
[Result "1-0"]
[WhiteElo "1407"]
[BlackElo "1250"]
[PlyCount "43"]
[EventDate "2009.10.24"]
[EventType "swiss"]
[EventRounds "9"]
[EventCountry "CZE"]
[SourceTitle "EXT 2012"]
[Source "ChessBase"]
[SourceDate "2011.11.24"]
[SourceVersion "1"]
[SourceVersionDate "2011.11.24"]
[SourceQuality "1"]

1. e4 e5 2. f4 d6 3. Nf3 Nc6 4. Bc4 Be7 5. d3 Nf6 6. Nc3 0-0 7. 0-0 Bg4 8. h3 Bxf3 9. Qxf3 Nd4 10. Qf2 c5 11. Be3 Nc6 12. Qg3 g6 13. f5 Nh5 14. Qg4 Qd7 15. Ne2 b6 16. Ng3 Nxg3 17. Qxg3 Bf6 18. fxg6 hxg6 19. Rxf6 Kg7 20. Qg5 Nd4 21. Qh6+ Kg8 22. Rxg6# 1-0